000 00599nam a22002297a 4500
003 UA-OsUOA
001 86429
007 ta
008 20120903b un ||||| |||| 00| 0 ukr d
100 _aАфанасьєв А. Л.
090 _a94(477).15
_bА94
942 _cBK
040 _aUA-OsUOA
_bukr
_cUA-OsUOA
_dUA-OsUOA
245 _aПолин у чужих полях
300 _a262 с.
955 _a5
041 _aukr
080 _a94(477).15
260 _aК.
_bПолітвидав
_c1985
650 7 _a9 Географія. Біографії. Історія
_2UDC
999 _c372769
_d372769